logo

Bir Sreshtho Munshi Abdur Rouf Library
Jhenaidah Cadet College

Bioscope / (Record no. 9843)

MARC details
000 -LEADER
fixed length control field 00749cam a2200277 i 4500
001 - CONTROL NUMBER
JCCL Control Number 9843
003 - CONTROL NUMBER IDENTIFIER
JCCL marc code BD-JhCC
005 - DATE AND TIME OF LATEST TRANSACTION
control field 20180402095325.0
008 - FIXED-LENGTH DATA ELEMENTS--GENERAL INFORMATION
fixed length control field 180402s1979 caua b 001 0 eng
020 ## - INTERNATIONAL STANDARD BOOK NUMBER
International Standard Book Number 0874844177
035 ## - SYSTEM CONTROL NUMBER
system control number (BD-JhCC)9843
040 ## - CATALOGING SOURCE
Original cataloging agency DLC
Transcribing agency DLC
Modifying agency DLC
-- BD-JhCC
041 ## - LANGUAGE CODE
Language code of Book eng
050 00 - LIBRARY OF CONGRESS CALL NUMBER
Classification number QH308.2
Item number .E2
082 00 - DEWEY DECIMAL CLASSIFICATION NUMBER
Classification number 574
Author mark and Year EAS 1979
100 1# - MAIN ENTRY--PERSONAL NAME
Personal name Easton, Thomas A.
245 10 - TITLE STATEMENT
Title Bioscope /
Statement of responsibility, etc Thomas A. Easton, Carl E. Rischer.
250 ## - EDITION STATEMENT
Edition statement 1st ed.
260 ## - PUBLICATION, DISTRIBUTION, ETC. (IMPRINT)
Place of publication, distribution, etc Palo Alto, Calif. :
Name of publisher, distributor, etc Mayfield Pub. Co.,
Date of publication, distribution, etc c1979.
300 ## - PHYSICAL DESCRIPTION
Pagination xiv, 592 p. :
Other physical details ill. ;
Dimensions 26 cm.
504 ## - BIBLIOGRAPHY, ETC. NOTE
Bibliography, etc Includes bibliographies and index.
650 #0 - SUBJECT ADDED ENTRY--TOPICAL TERM
Topical term or geographic name as entry element Biology.
700 1# - ADDED ENTRY--PERSONAL NAME
Personal name Rischer, Carl E.,
942 ## - ADDED ENTRY ELEMENTS (KOHA)
Source of classification or shelving scheme Dewey Decimal Classification
Koha item type Books
Holdings
Source of classification or shelving scheme Damaged status Not for loan Home library Current library Shelving location Date of accession Total Checkouts Full call number Barcode Date last seen Copy number Koha item type
Dewey Decimal Classification     JCC Rouf Library JCC Rouf Library General Stacks 04/02/2018   574 EAS 1979 13010 04/02/2018 C-1 Books

JCC Library | Contacts | JCC Home

Last Update on 23 September 2017
Copyright @ 2017-2020 JCC Rouf Library
Rouf Library, Jhenidah Cadet College (JCC), Bangladesh